| 000 | 00445cam a2200181ua 4500 | ||
|---|---|---|---|
| 020 | _c3.25 | ||
| 041 |
_aeng _h |
||
| 082 |
_a027.006 _bRAN/OR |
||
| 100 | _aRanganathan, S R. | ||
| 245 |
_aOrganization of libraries / _cS R Ranganathan. _hTextual Documents |
||
| 250 |
_a3 / _b. |
||
| 260 |
_aCalcutta : _bOxford University Press , _c1963. |
||
| 300 | _a189 ; . | ||
| 365 | _a3.25 | ||
| 504 | _a | ||
| 942 | _cBK | ||
| 999 |
_c9006 _d9006 |
||